000 00278nam a22001097a 4500
008 160625b xxu||||| |||| 00| 0 eng d
100 _91097
_a Pascal, F
245 _aYour Basis Nightmare
260 _a N.Y
_b Bantam Books
_c1999
300 _aYour Basis Nightmare
942 _2ddc
_cBK
999 _c883
_d883